[Event "Buenos Aires La Porta Cup"]
[Site "Buenos Aires"]
[Date "2019.03.20"]
[Round "1"]
[White "Molina, Pablo Sebastian"]
[Black "Zaretzky, Julio"]
[Result "1-0"]
[WhiteElo "2277"]
[BlackElo "1786"]
[PlyCount "73"]
[EventDate "2019.03.20"]
[EventType "swiss"]
[EventRounds "9"]
[EventCountry "ARG"]
[SourceTitle "CBM 189 Extra"]
[Source "ChessBase"]
[SourceDate "2019.06.03"]
[SourceVersion "1"]
[SourceVersionDate "2019.06.03"]
[SourceQuality "1"]

1. e4 c6 2. d4 d5 3. e5 Bf5 4. Nc3 e6 5. g4 Bg6 6. Nge2 c5 7. h4 h6 8. Be3 Nc6 9. h5 Bh7 10. f4 cxd4 11. Nxd4 Be7 12. Bd3 Bh4+ 13. Ke2 Bxd3+ 14. Qxd3 Be7 15. f5 Nxe5 16. Qb5+ Qd7 17. fxe6 Qxb5+ 18. Ncxb5 Rd8 19. Nc7+ Kf8 20. exf7 Kxf7 21. Nce6 Rc8 22. Raf1+ Nf6 23. Rhg1 Nc4 24. g5 hxg5 25. Rxg5 Nxe3 26. Rxg7+ Ke8 27. Kxe3 Rxh5 28. Nf5 Rh3+ 29. Rf3 Bc5+ 30. Nxc5 Rxf3+ 31. Kxf3 Rxc5 32. Nd6+ Kf8 33. Rf7+ Kg8 34. Rxf6 Rxc2 35. Rg6+ Kf8 36. Rg2 Rc7 37. Kf4 1-0